[Event "zonal 1.4 (w)"]
[Site "Ostrava CZE"]
[Date "1999.05.26"]
[Round "5"]
[White "Cedikova, Katerina"]
[Black "Ciganikova, Andrea"]
[Result "0-1"]
[WhiteElo "2082"]
[BlackElo "2139"]
[EventDate "1999.05.22"]
[PlyCount "110"]

1.d4 Nf6 2.c4 c5 3.d5 b5 4.cxb5 a6 5.bxa6 g6 6.Nc3 Bxa6 7.e4 Bxf1 8.Kxf1 
d6 9.Nf3 Nbd7 10.g3 Bg7 11.Kg2 O-O 12.h3 Ra6 13.Re1 Qa8 14.Bg5 h6 15.Bf4 
Nb6 16.Qd2 Kh7 17.b3 Rc8 18.Rac1 Nfd7 19.Kg1 c4 20.e5 cxb3 21.axb3 Nc5 22.
Qd1 Ra3 23.Nb5 Ra5 24.Nbd4 Ncd7 25.exd6 exd6 26.Rxc8 Qxc8 27.Bxd6 Rxd5 28.
Bf4 Nc5 29.Be5 Qxh3 30.Bxg7 Kxg7 31.Qa1 Kh7 32.Qa7 Nbd7 33.Qa8 Rh5 34.Nh4 
Rxh4 35.gxh4 Qg4+ 36.Kf1 Qxd4 37.Qe8 Qd3+ 38.Kg1 Qf5 39.Re7 Qg4+ 40.Kf1 
Qh3+ 41.Ke2 Qd3+ 42.Ke1 Qb1+ 43.Ke2 Qc2+ 44.Kf1 Qd1+ 45.Kg2 Qd5+ 46.Kg1 
Kg7 47.Qd8 Qf5 48.Qe8 Qg4+ 49.Kf1 Qd1+ 50.Kg2 Qd5+ 51.Kg1 Nf6 52.Qc8 Nce4 
53.Qc4 Qd1+ 54.Kg2 Qg4+ 55.Kh1 Qxh4+ 0-1

[Event "zonal 1.4 (w)"]
[Site "Ostrava CZE"]
[Date "1999.05.27"]
[Round "6"]
[White "Vajda, Szidonia"]
[Black "Madl, Ildiko"]
[Result "1/2-1/2"]
[WhiteElo "2340"]
[BlackElo "2409"]
[EventDate "1999.05.22"]
[PlyCount "162"]

1.e4 c5 2.Nf3 d6 3.d4 Nf6 4.Nc3 cxd4 5.Nxd4 Nc6 6.g3 g6 7.Nde2 Be6 8.Bg2 
Qd7 9.h3 Rd8 10.Nf4 Bc4 11.b3 Ba6 12.Bb2 Bg7 13.Nce2 O-O 14.O-O b6 15.c4 
b5 16.cxb5 Bxb5 17.Re1 e6 18.Rc1 Ne5 19.Nd4 Ba6 20.Qd2 Rb8 21.Nf3 Nxf3+ 
22.Bxf3 e5 23.Nd5 Nxd5 24.Qxd5 Bb7 25.Qa5 Bc6 26.Red1 Rfd8 27.Ba3 Bf8 28.
Rc2 Rb5 29.Qc3 Ba8 30.Rcd2 Qe6 31.Bg4 Qf6 32.Qc4 Rbb8 33.Qa4 Rb7 34.h4 Rc7
35.Qa5 Rb7 36.Rd3 h5 37.Bh3 Kh7 38.Bc1 Bh6 39.Bxh6 Kxh6 40.Qd2+ Kg7 41.
Rxd6 Rxd6 42.Qxd6 Qxd6 43.Rxd6 Rc7 44.f3 Rc1+ 45.Bf1 Bc6 46.a4 Kf8 47.Kf2 
Ke7 48.Rd2 Rc3 49.Rd3 Rc1 50.Be2 a5 51.Bd1 Bd7 52.Ke3 Be6 53.Kd2 Ra1 54.
Kc3 Rc1+ 55.Kb2 Rc5 56.Be2 f6 57.f4 exf4 58.gxf4 g5 59.Bxh5 gxh4 60.f5 Bc8
61.Rh3 Kd6 62.Rxh4 Ke5 63.Bf3 Ba6 64.Rh8 Kf4 65.Bh1 Bd3 66.Rd8 Ke3 67.Rd5 
Rc2+ 68.Ka3 Rc1 69.Bg2 Rg1 70.Bf3 Ra1+ 71.Kb2 Rb1+ 72.Ka2 Rf1 73.Bh5 Bxe4 
74.Rxa5 Bxf5 75.Ra8 Be4 76.Re8 f5 77.Bg6 Kd4 78.Ka3 Rg1 79.Re6 Bd5 80.Rb6 
f4 81.a5 f3 1/2-1/2

[Event "zonal 1.4 (w)"]
[Site "Ostrava CZE"]
[Date "1999.05.27"]
[Round "6"]
[White "Lakos, Nikoletta"]
[Black "Krupkova, Petra"]
[Result "1/2-1/2"]
[WhiteElo "2350"]
[BlackElo "2349"]
[EventDate "1999.05.22"]
[PlyCount "82"]

1.e4 c5 2.Nf3 d6 3.d4 cxd4 4.Nxd4 Nf6 5.Nc3 e6 6.f4 a6 7.Qf3 Qc7 8.g4 b5 
9.g5 Nfd7 10.a3 Bb7 11.Qh3 g6 12.Bg2 Bg7 13.Nde2 h6 14.gxh6 Rxh6 15.Qg3 
Rh8 16.f5 Be5 17.Bf4 gxf5 18.exf5 Bxg2 19.Qxg2 Qc6 20.Qxc6 Nxc6 21.fxe6 
fxe6 22.O-O-O Ke7 23.h4 Raf8 24.Bg5+ Bf6 25.Bxf6+ Nxf6 26.Nf4 Ne5 27.h5 
Rh6 28.Rdg1 Rf7 29.Nce2 Rfh7 30.Rg5 Nf7 31.Rg6 e5 32.Rxh6 Rxh6 33.Ng6+ Ke6
34.Ng3 Nh8 35.Nxh8 Rxh8 36.Kd2 d5 37.c3 Rg8 38.Ne2 Rh8 39.Ng3 Rg8 40.Ne2 
Rh8 41.Ng3 Rg8 1/2-1/2

[Event "zonal 1.4 (w)"]
[Site "Ostrava CZE"]
[Date "1999.05.27"]
[Round "6"]
[White "Hagarova, Zuzana"]
[Black "Foisor, Cristina"]
[Result "1/2-1/2"]
[WhiteElo "2297"]
[BlackElo "2370"]
[EventDate "1999.05.22"]
[PlyCount "106"]

1.e4 d6 2.d4 Nf6 3.Nc3 g6 4.Nge2 Bg7 5.h3 c6 6.g4 a5 7.Bg2 h5 8.g5 Nh7 9.
h4 O-O 10.Be3 a4 11.a3 Qa5 12.Qd2 Nd7 13.O-O e5 14.f4 exf4 15.Bxf4 Qc7 16.
Qd3 Nb6 17.Qg3 Rd8 18.Rf2 Bg4 19.Raf1 Rd7 20.e5 dxe5 21.dxe5 Qd8 22.Bh3 
Bxh3 23.Qxh3 Nf8 24.Ne4 Ne6 25.Nf6+ Bxf6 26.gxf6 Rd1 27.Kh2 Rxf1 28.Qxf1 
Nd5 29.Qc1 Kh7 30.c4 Ndxf4 31.Nxf4 Qd4 32.Kg3 Qxe5 33.Re2 Qxf6 34.Nxe6 
fxe6 35.Qe3 Rf8 36.Qxe6 Qf4+ 37.Kh3 Qf1+ 38.Rg2 Qf5+ 39.Qxf5 Rxf5 40.Kg3 
g5 41.Rd2 Kg6 42.Rd7 Rf7 43.Rd6+ Rf6 44.Rd7 b5 45.cxb5 gxh4+ 46.Kxh4 cxb5 
47.Rd5 Rf4+ 48.Kg3 Rf5 49.Rd3 Kg5 50.b3 h4+ 51.Kh3 Kf4 52.bxa4 Ke4 53.Rb3 
bxa4 1/2-1/2

[Event "zonal 1.4 (w)"]
[Site "Ostrava CZE"]
[Date "1999.05.27"]
[Round "6"]
[White "Zielinska, Marta"]
[Black "Dworakowska, Joanna"]
[Result "1-0"]
[WhiteElo "2327"]
[BlackElo "2323"]
[EventDate "1999.05.22"]
[PlyCount "79"]

1.d4 d6 2.Nf3 f5 3.g3 Nf6 4.Bg2 g6 5.O-O Bg7 6.Qd3 O-O 7.Nbd2 Nc6 8.Qb3+ 
Kh8 9.d5 Na5 10.Qd3 c6 11.c4 b5 12.cxb5 cxd5 13.b4 Nb7 14.Nd4 e5 15.Nc6 
Qb6 16.a4 a6 17.Bb2 axb5 18.Qxb5 Qxb5 19.axb5 Bd7 20.e3 Rac8 21.Rfc1 Nd8 
22.Ra6 Ne6 23.Nb3 Nc7 24.Rb6 Nxb5 25.Nba5 Nc7 26.Na7 Rb8 27.Rxb8 Rxb8 28.
Rxc7 Rxb4 29.Rb7 Ra4 30.Rb8+ Ne8 31.N5c6 d4 32.exd4 exd4 33.Rd8 d3 34.
Bxg7+ Kxg7 35.Rxd7+ Kf6 36.Bf3 Ra1+ 37.Kg2 d2 38.h4 h6 39.Nd8 g5 40.Rf7+ 
1-0

[Event "zonal 1.4 (w)"]
[Site "Ostrava CZE"]
[Date "1999.05.27"]
[Round "6"]
[White "Cosma, Elena-Luminita"]
[Black "Velcheva, Maria"]
[Result "0-1"]
[WhiteElo "2365"]
[BlackElo "2283"]
[EventDate "1999.05.22"]
[PlyCount "116"]

1.d4 d5 2.Nf3 e6 3.g3 Nf6 4.Bg2 Be7 5.O-O O-O 6.c4 c6 7.Nc3 Nbd7 8.b3 b6 
9.Nd2 Bb7 10.e4 Rc8 11.e5 Ne8 12.Re1 g6 13.Nf1 Ng7 14.Bh6 Re8 15.Ne3 f6 
16.exf6 Bxf6 17.Rc1 Ba6 18.Ne2 Bg5 19.Bxg5 Qxg5 20.Nf4 Qe7 21.Qd2 Qd6 22.
Ng4 dxc4 23.bxc4 e5 24.Nh6+ Kf8 25.Ne2 exd4 26.Nxd4 c5 27.Nf3 Qxd2 28.Nxd2
Rxe1+ 29.Rxe1 Re8 30.Rxe8+ Nxe8 31.Ng4 Nd6 32.Ne3 Ne5 33.Bd5 Ke7 34.f4 Nd3
35.a3 Nb2 36.Kg2 Bc8 37.g4 Be6 38.Kf3 b5 39.cxb5 Nxb5 40.f5 gxf5 41.gxf5 
Bxd5+ 42.Nxd5+ Kd6 43.Ne3 Ke5 44.f6 Kxf6 45.Ne4+ Ke5 46.Nxc5 Nxa3 47.Nd7+ 
Kd4 48.Nf5+ Kc3 49.Nf6 a5 50.Nxh7 Nc2 51.Nf6 a4 52.Ne4+ Kb4 53.Ne7 Kc4 54.
Nd2+ Kd3 55.Nb1 Nc4 56.Nc6 Nd2+ 57.Nxd2 Kxd2 58.Ne5 Kc3 0-1

[Event "zonal 1.4 (w)"]
[Site "Ostrava CZE"]
[Date "1999.05.27"]
[Round "6"]
[White "Jackova, Jana"]
[Black "Radziewicz, Iweta"]
[Result "1-0"]
[WhiteElo "2202"]
[BlackElo "2384"]
[EventDate "1999.05.22"]
[PlyCount "101"]

1.e4 e6 2.d4 d5 3.Nc3 Bb4 4.e5 c5 5.a3 Bxc3+ 6.bxc3 Qc7 7.Qg4 f5 8.Qg3 
cxd4 9.cxd4 Ne7 10.Bd2 O-O 11.Bd3 b6 12.Ne2 Ba6 13.Nf4 Qd7 14.Bxa6 Nxa6 
15.h4 Rac8 16.c3 Rf7 17.h5 Nb8 18.h6 g6 19.Nh3 Nbc6 20.O-O Na5 21.Bg5 Nc4 
22.Ra2 Nc6 23.Nf4 Kf8 24.Bf6 Ke8 25.Qg5 Ne7 26.g3 Kd8 27.Kg2 Kc7 28.Qh4 
Nc6 29.Nh3 Qe8 30.Rh1 Kb7 31.Bg7 Rd7 32.Nf4 Nd8 33.Qf6 Rf7 34.Qg5 Nc6 35.
Bf6 Ka6 36.Nxg6 Rxf6 37.exf6 Qg8 38.f7 Qxf7 39.Nf4 Rg8 40.Qh5 Qf6 41.Re1 
Nd8 42.Rae2 Nd6 43.Nxe6 Ne4 44.Nc7+ Kb7 45.Nxd5 Qd6 46.Rxe4 Qxd5 47.c4 
Qxc4 48.Re7+ Kb8 49.Qxf5 Qxd4 50.Rc1 Rxg3+ 51.Kxg3 1-0

[Event "zonal 1.4 (w)"]
[Site "Ostrava CZE"]
[Date "1999.05.27"]
[Round "6"]
[White "Pokorna, Regina"]
[Black "Brustman, Agnieszka"]
[Result "0-1"]
[WhiteElo "2196"]
[BlackElo "2379"]
[EventDate "1999.05.22"]
[PlyCount "92"]

1.e4 e6 2.d4 d5 3.Nd2 c5 4.exd5 exd5 5.Ngf3 Nc6 6.Bb5 Bd6 7.dxc5 Bxc5 8.
O-O Ne7 9.Nb3 Bd6 10.Bg5 O-O 11.Bh4 Qb6 12.Be2 Nf5 13.Qxd5 Nb4 14.Qd1 Nxh4
15.Nxh4 Rd8 16.Qc1 Qc7 17.g3 Nxc2 18.Rb1 Be6 19.Bd1 Nb4 20.Qxc7 Bxc7 21.
Bf3 Bb6 22.Nc1 Bc4 23.Rd1 Rxd1+ 24.Bxd1 Re8 25.Ng2 Nxa2 26.Bf3 Nxc1 27.
Rxc1 Ba6 28.Ne3 h6 29.Nd5 Bd4 30.b4 Bb2 31.Rb1 Bd3 32.Rd1 Be2 33.Re1 Bb5 
34.Rxe8+ Bxe8 35.Nc7 Bc6 36.Bxc6 bxc6 37.Na6 Be5 38.Kf1 Bd6 39.Ke2 Kf8 40.
Kd3 Ke7 41.Kc4 Kd7 42.b5 cxb5+ 43.Kxb5 g5 44.f3 h5 45.Nc5+ Bxc5 46.Kxc5 
Ke6 0-1

[Event "zonal 1.4 (w)"]
[Site "Ostrava CZE"]
[Date "1999.05.27"]
[Round "6"]
[White "Sikorova, Olga"]
[Black "Grabics, Monika"]
[Result "0-1"]
[WhiteElo "2216"]
[BlackElo "2310"]
[EventDate "1999.05.22"]
[PlyCount "56"]

1.e4 c5 2.Nf3 Nc6 3.d4 cxd4 4.Nxd4 Nf6 5.Nc3 d6 6.f3 e5 7.Nb3 Be7 8.Be3 
O-O 9.Nd5 Nxd5 10.exd5 Nb8 11.Bd3 Nd7 12.c4 f5 13.Qc2 e4 14.fxe4 fxe4 15.
Bxe4 Bh4+ 16.g3 Bg5 17.Bd2 Ne5 18.O-O-O Bg4 19.Rdf1 Rxf1+ 20.Rxf1 Nxc4 21.
Bxg5 Qxg5+ 22.Kb1 Ne3 23.Qd2 Re8 24.Rf4 Rxe4 25.Rxe4 Bf5 26.Qd3 Ng4 27.Ka1
Nf6 28.Nd2 Nxe4 0-1

[Event "zonal 1.4 (w)"]
[Site "Ostrava CZE"]
[Date "1999.05.27"]
[Round "6"]
[White "Ciganikova, Andrea"]
[Black "Saljova, Silvie"]
[Result "0-1"]
[WhiteElo "2139"]
[BlackElo "2212"]
[EventDate "1999.05.22"]
[PlyCount "92"]

1.e4 d5 2.exd5 Qxd5 3.Nc3 Qa5 4.d4 Nf6 5.Nf3 Bf5 6.Bc4 e6 7.Bd2 c6 8.Qe2 
Bb4 9.O-O-O Nd5 10.Nxd5 Bxd2+ 11.Qxd2 Qxd2+ 12.Rxd2 cxd5 13.Bb5+ Ke7 14.
Nh4 Be4 15.f3 Bg6 16.g4 a6 17.Bf1 Nc6 18.Nxg6+ hxg6 19.h4 Rh6 20.c3 g5 21.
h5 Rf6 22.Rf2 Kd6 23.f4 Rxf4 24.Rxf4 gxf4 25.h6 gxh6 26.Rxh6 Rg8 27.Be2 
Rg6 28.Rh7 Ke7 29.Kd2 e5 30.dxe5 Nxe5 31.Rh5 Ke6 32.Rf5 Rf6 33.Rg5 f3 34.
Bf1 f2 35.Ke3 Nc4+ 36.Ke2 Nxb2 37.Bg2 f1=Q+ 38.Bxf1 Na4 39.Bg2 Nxc3+ 40.
Kd3 Ne4 41.Bxe4 dxe4+ 42.Kxe4 Rg6 43.Re5+ Kd6 44.Rd5+ Kc6 45.g5 Re6+ 46.
Re5 Kd6 0-1

[Event "zonal 1.4 (w)"]
[Site "Ostrava CZE"]
[Date "1999.05.27"]
[Round "6"]
[White "Dojkova, Galina"]
[Black "Cedikova, Katerina"]
[Result "1/2-1/2"]
[WhiteElo "2131"]
[BlackElo "2082"]
[EventDate "1999.05.22"]
[PlyCount "81"]

1.e4 c5 2.Nf3 d6 3.d4 cxd4 4.Nxd4 Nf6 5.Nc3 g6 6.Be2 Bg7 7.O-O O-O 8.Nb3 
Nc6 9.Re1 a6 10.Bf1 Be6 11.Nd5 Rc8 12.Bg5 Nd7 13.c3 h6 14.Bh4 g5 15.Bg3 
Nde5 16.h4 Bg4 17.Be2 Bxe2 18.Qxe2 e6 19.Ne3 gxh4 20.Bh2 Qe7 21.Rad1 Rcd8 
22.f4 Ng6 23.Qh5 Kh7 24.Nd4 Nxd4 25.cxd4 f5 26.Nxf5 Nxf4 27.Bxf4 exf5 28.
exf5 Qf6 29.Re6 Qxf5 30.Qxf5+ Rxf5 31.Rxd6 Rxd6 32.Bxd6 Rd5 33.Bc5 Kg6 34.
Kf2 Kf5 35.Kf3 Bf6 36.b4 Bg5 37.a4 h5 38.a5 Bf6 39.Rd3 Bg5 40.Bf8 Rd8 41.
Bc5 1/2-1/2

[Event "zonal 1.4 (w)"]
[Site "Ostrava CZE"]
[Date "1999.05.27"]
[Round "7"]
[White "Voiska, Margarita"]
[Black "Madl, Ildiko"]
[Result "1/2-1/2"]
[WhiteElo "2364"]
[BlackElo "2409"]
[EventDate "1999.05.22"]
[PlyCount "109"]

1.d4 d5 2.c4 c6 3.Nf3 Nf6 4.e3 Bf5 5.Qb3 Qb6 6.c5 Qc7 7.Nc3 b6 8.cxb6 axb6
9.Bd2 e6 10.Be2 Be7 11.O-O O-O 12.Rfc1 Nbd7 13.a4 c5 14.Qd1 Qb8 15.Nh4 Be4
16.f3 Bg6 17.Nxg6 hxg6 18.f4 Rc8 19.Bf3 Qb7 20.Qe2 Ne4 21.Nb5 Ndf6 22.Be1 
Nd6 23.Nxd6 Bxd6 24.dxc5 bxc5 25.Bc3 Ra6 26.Rd1 Qa7 27.a5 c4 28.Kh1 Bc5 
29.Bxf6 gxf6 30.e4 dxe4 31.Bxe4 Rxa5 32.Rxa5 Qxa5 33.Bxg6 Rd8 34.Rxd8+ 
Qxd8 35.Bxf7+ Kxf7 36.Qh5+ Kg7 37.Qxc5 Qd1+ 38.Qg1 Qd2 39.Qa7+ Kg6 40.Qa1 
Qxf4 41.h3 f5 42.Qa8 Kf7 43.Qd8 Qe4 44.Qh8 Qf4 45.Qd8 Qf1+ 46.Kh2 Qd3 47.
Qc7+ Kf6 48.Qf4 e5 49.Qh6+ Kf7 50.h4 e4 51.Qh5+ Kf6 52.Qg5+ Ke6 53.Qg6+ 
Ke5 54.Qg7+ Ke6 55.Qg6+ 1/2-1/2

[Event "zonal 1.4 (w)"]
[Site "Ostrava CZE"]
[Date "1999.05.27"]
[Round "7"]
[White "Dworakowska, Joanna"]
[Black "Bobrowska, Monika"]
[Result "1-0"]
[WhiteElo "2323"]
[BlackElo "2440"]
[EventDate "1999.05.22"]
[PlyCount "162"]

1.e4 e6 2.d4 d5 3.Nc3 Bb4 4.e5 c5 5.a3 Bxc3+ 6.bxc3 Ne7 7.Qg4 Kf8 8.a4 Qc7
9.Nf3 cxd4 10.Qxd4 Nbc6 11.Qc5 Qa5 12.Bb5 Kg8 13.Ba3 Bd7 14.O-O Ng6 15.Qe3
h6 16.h4 Qd8 17.g3 Na5 18.Bd3 Nc4 19.Qe2 Rc8 20.Rfb1 b6 21.h5 Nf8 22.Bc1 
Qe8 23.Nd2 Na5 24.Rb4 Nh7 25.Nf3 Nc6 26.Rh4 Qd8 27.Qe3 Ng5 28.Nd2 f5 29.c4
d4 30.Qe2 Be8 31.f4 Nh7 32.Rh2 Nf8 33.g4 Ne7 34.Ba3 Bd7 35.Kf2 Kf7 36.a5 
Rg8 37.Rg1 g5 38.hxg6+ Nfxg6 39.Qf3 b5 40.Rxh6 Qxa5 41.Bc1 Rh8 42.Rxh8 
Rxh8 43.gxf5 exf5 44.Qg3 Qa6 45.Nf3 bxc4 46.e6+ Bxe6 47.Ne5+ Ke8 48.Nxg6 
Rg8 49.Be2 Bf7 50.Bh5 Bxg6 51.Re1 Kd7 52.Qg5 Nd5 53.Re5 Nc7 54.Qe7+ Kc8 
55.Rc5 Qb6 56.Rxc7+ Kb8 57.Bxg6 Qxc7 58.Qxc7+ Kxc7 59.Bxf5 Re8 60.Bg6 Rh8 
61.Bb2 Rh6 62.Be4 Rd6 63.f5 Kd7 64.Ba3 Ra6 65.Bc5 d3 66.cxd3 cxd3 67.Bxd3 
Ra1 68.f6 Ke6 69.Bc4+ Kxf6 70.Bd4+ Kf5 71.Bxa1 Ke4 72.Ke2 a5 73.Kd2 a4 74.
Kc3 Ke3 75.Kb4 Kd2 76.Kxa4 Kc2 77.Bd4 Kd2 78.Kb3 Kd1 79.Bc3 Kc1 80.Be2 Kb1
81.Bd2 Ka1 1-0

[Event "zonal 1.4 (w)"]
[Site "Ostrava CZE"]
[Date "1999.05.27"]
[Round "7"]
[White "Brustman, Agnieszka"]
[Black "Cosma, Elena-Luminita"]
[Result "1/2-1/2"]
[WhiteElo "2379"]
[BlackElo "2365"]
[EventDate "1999.05.22"]
[PlyCount "115"]

1.e4 c5 2.Nf3 Nc6 3.d4 cxd4 4.Nxd4 Qc7 5.Nc3 e6 6.Be2 a6 7.O-O Nf6 8.Be3 
Bb4 9.Na4 Be7 10.Nxc6 bxc6 11.Nb6 Rb8 12.Nxc8 Qxc8 13.Bd4 c5 14.Be5 Rb6 
15.b3 O-O 16.Bd3 d5 17.exd5 exd5 18.Qf3 Qg4 19.Qxg4 Nxg4 20.Rae1 Bd8 21.
Bf4 Nf6 22.Bc1 Rc6 23.Ba3 Ba5 24.Re3 Bd2 25.Re2 Bc3 26.Rd1 g6 27.Re7 Kg7 
28.g3 Rfc8 29.Bf1 a5 30.Bg2 Re6 31.Rxe6 fxe6 32.Rd3 d4 33.Bh3 Rc6 34.f4 
Kf7 35.Rd1 Rc7 36.Bf1 Nd5 37.Bd3 Ne3 38.Rb1 e5 39.fxe5 Ke6 40.Bc1 Kxe5 41.
Bxe3 dxe3 42.Rf1 Bd4 43.Kg2 Rc6 44.Rf7 Rf6 45.Rxf6 Kxf6 46.Kf3 h5 47.Ke4 
g5 48.h3 Be5 49.g4 hxg4 50.hxg4 Ke6 51.Kxe3 Kd6 52.Be4 Kc7 53.Kd3 Kb6 54.
Kc4 Bf4 55.Kd5 Bc1 56.Kd6 Bf4+ 57.Kd7 Bd2 58.Kd6 1/2-1/2

[Event "zonal 1.4 (w)"]
[Site "Ostrava CZE"]
[Date "1999.05.27"]
[Round "7"]
[White "Foisor, Cristina"]
[Black "Lakos, Nikoletta"]
[Result "0-1"]
[WhiteElo "2370"]
[BlackElo "2350"]
[EventDate "1999.05.22"]
[PlyCount "154"]

1.Nf3 c5 2.g3 Nc6 3.Bg2 g6 4.O-O Bg7 5.c4 e6 6.Nc3 Nge7 7.Ne4 d6 8.d3 O-O 
9.Rb1 b6 10.Bg5 a6 11.Bf6 d5 12.Bxg7 Kxg7 13.Ned2 Bb7 14.a3 a5 15.cxd5 
Nxd5 16.Qa4 e5 17.e3 Re8 18.Rfd1 Re6 19.Ne4 Nce7 20.Nc3 Bc6 21.Qc2 Nxc3 
22.bxc3 Qc7 23.e4 Rd8 24.Rd2 Bb7 25.Rb2 f6 26.Qb1 Red6 27.c4 Ba6 28.Bf1 
Bc8 29.Ne1 Be6 30.Rdc2 Rb8 31.f4 Nc6 32.Rf2 Nd4 33.Ng2 Bf7 34.Ne3 Qd7 35.
h4 Be6 36.Kh2 g5 37.Qc1 Rh8 38.Kg1 Qe7 39.Bg2 Rc6 40.Qf1 Rd6 41.Bh3 Bf7 
42.Bf5 h5 43.Qb1 exf4 44.gxf4 gxf4 45.Rxf4 Qe5 46.Rg2+ Kf8 47.Rff2 Rg8 48.
Qf1 Rg3 49.Nd5 Bxd5 50.cxd5 b5 51.Qc1 Nxf5 52.Rxf5 Qd4+ 53.Kh2 Rxg2+ 54.
Kxg2 Qxd3 55.Qh6+ Ke7 56.Qh7+ Kd8 57.Rf2 c4 58.Kh2 Qe3 59.Qg8+ Kc7 60.Qf7+
Kb6 61.Rxf6 Qe2+ 62.Rf2 Qxe4 63.Qxh5 Qxd5 64.Qh8 Rd8 65.Qb2 Qd6+ 66.Kh3 
Qd7+ 67.Kh2 Qc7+ 68.Kg2 Qc6+ 69.Kh2 c3 70.Qe2 Qd6+ 71.Kg2 Rg8+ 72.Kf1 Qc6 
73.Rh2 Rf8+ 74.Kg1 Qc5+ 75.Kh1 Qd5+ 76.Rg2 Rg8 77.Qe3+ Kb7 0-1

[Event "zonal 1.4 (w)"]
[Site "Ostrava CZE"]
[Date "1999.05.27"]
[Round "7"]
[White "Grabics, Monika"]
[Black "Vajda, Szidonia"]
[Result "0-1"]
[WhiteElo "2310"]
[BlackElo "2340"]
[EventDate "1999.05.22"]
[PlyCount "170"]

1.e4 c5 2.Nf3 d6 3.d4 Nf6 4.Nc3 cxd4 5.Nxd4 a6 6.Be2 e5 7.Nb3 Be7 8.O-O 
O-O 9.Kh1 Be6 10.f4 Qc7 11.f5 Bc4 12.g4 d5 13.g5 Nxe4 14.Nxe4 dxe4 15.f6 
Bb4 16.Bxc4 Qxc4 17.fxg7 Kxg7 18.Be3 Nc6 19.c3 Be7 20.Qg4 Rad8 21.Nd2 Qd3 
22.Rae1 Qd7 23.Qh5 Qd5 24.Rg1 Rd6 25.Rg4 Rg6 26.c4 Qa5 27.Rf1 Nd4 28.Nxe4 
Qc7 29.Rh4 h6 30.gxh6+ Kh7 31.Rg4 Qc6 32.Rfg1 Qe6 33.b3 Rfg8 34.Rxg6 Rxg6 
35.Rxg6 fxg6 36.Ng5+ Bxg5 37.Qxg5 Qc6+ 38.Qg2 Nf3 39.h3 Qe4 40.Bg1 Kxh6 
41.b4 Qd3 42.Qf2 Kg7 43.Qc5 Qf5 44.Bh2 Kh6 45.b5 Nh4 46.Qe3+ Kh7 47.Bg1 
Qf1 48.Qg3 Qxc4 49.Qxe5 Nf5 50.bxa6 bxa6 51.a3 Qa4 52.Qc7+ Kh6 53.Qc3 Qe4+
54.Kh2 Qf4+ 55.Kh1 Kh7 56.Qb2 Nh4 57.Qb7+ Kh6 58.Qc6 Qg3 59.Qc1+ Kh7 60.
Qf1 Nf5 61.a4 Qb3 62.Qxa6 Qxh3+ 63.Bh2 Qf3+ 64.Kg1 Ne3 65.Qa7+ Kh6 66.Bf4+
Qxf4 67.Qa8 Qf1+ 68.Kh2 Qf2+ 69.Kh3 Qf1+ 70.Kh2 Nf5 71.a5 Qf2+ 72.Qg2 Qf4+
73.Kh1 Qc1+ 74.Qg1 Qxg1+ 75.Kxg1 Nd4 76.a6 Nb5 77.Kf2 g5 78.Ke3 g4 79.Kd3 
g3 80.Ke3 Kg5 81.Kf3 Kh4 82.Kg2 Kg4 83.Kg1 Kf3 84.Kh1 g2+ 85.Kg1 Na7 0-1

[Event "zonal 1.4 (w)"]
[Site "Ostrava CZE"]
[Date "1999.05.27"]
[Round "7"]
[White "Hagarova, Zuzana"]
[Black "Zielinska, Marta"]
[Result "1/2-1/2"]
[WhiteElo "2297"]
[BlackElo "2327"]
[EventDate "1999.05.22"]
[PlyCount "108"]

1.e4 e6 2.d4 d5 3.Nd2 c5 4.exd5 Qxd5 5.Ngf3 cxd4 6.Bc4 Qd6 7.O-O Nf6 8.Nb3
Nc6 9.Nbxd4 Nxd4 10.Nxd4 a6 11.c3 Qc7 12.Qe2 Bd6 13.h3 O-O 14.Bg5 Ne4 15.
Be3 b5 16.Bd3 Nc5 17.Bc2 Bb7 18.Qh5 Be4 19.Rad1 Bxc2 20.Nxc2 Na4 21.Bc1 
Bf4 22.Ne3 Rfd8 23.Qf3 Rac8 24.g3 Bh6 25.Kg2 Bxe3 26.Qxe3 Qc4 27.Qg5 f6 
28.Qg4 e5 29.Rxd8+ Rxd8 30.Rd1 Rxd1 31.Qxd1 h6 32.Kh2 Qxa2 33.Qd8+ Kh7 34.
Qd3+ Kh8 35.Qd8+ Qg8 36.Qd6 Qc8 37.Bxh6 Nxb2 38.Qe7 Qg8 39.Be3 Nd1 40.Qa7 
Qc8 41.h4 Nxc3 42.h5 Qe8 43.h6 gxh6 44.Qxa6 Kg7 45.Qb7+ Qf7 46.Qc8 Nd5 47.
Qg4+ Kh8 48.Bxh6 b4 49.Qc8+ Qg8 50.Qb7 Qg6 51.Qc8+ Kh7 52.Bd2 Qe4 53.Qd7+ 
Kg6 54.Qe8+ Kg7 1/2-1/2

[Event "zonal 1.4 (w)"]
[Site "Ostrava CZE"]
[Date "1999.05.27"]
[Round "7"]
[White "Velcheva, Maria"]
[Black "Jackova, Jana"]
[Result "1-0"]
[WhiteElo "2283"]
[BlackElo "2202"]
[EventDate "1999.05.22"]
[PlyCount "63"]

1.e4 e5 2.Nf3 Nc6 3.d4 exd4 4.Nxd4 Qf6 5.Nxc6 dxc6 6.Bd3 Be6 7.O-O O-O-O 
8.Qe2 g5 9.Qe3 c5 10.Qxg5 Qd4 11.Nc3 Be7 12.Qe3 Qd7 13.f4 c4 14.Be2 Qc6 
15.Qf2 Nf6 16.f5 Bd7 17.Bf3 Qa6 18.e5 Ne8 19.Nd5 Bf8 20.Bg5 f6 21.exf6 h6 
22.Bh4 Qa5 23.Ne7+ Kb8 24.b4 cxb3 25.axb3 Qb6 26.Qxb6 axb6 27.Ra2 Bb5 28.
Rfa1 Ba6 29.Rxa6 bxa6 30.Rxa6 c5 31.Nc6+ Kc7 32.Ra7+ 1-0

[Event "zonal 1.4 (w)"]
[Site "Ostrava CZE"]
[Date "1999.05.27"]
[Round "7"]
[White "Radziewicz, Iweta"]
[Black "Cedikova, Katerina"]
[Result "1/2-1/2"]
[WhiteElo "2384"]
[BlackElo "2082"]
[EventDate "1999.05.22"]
[PlyCount "59"]

1.d4 d6 2.Nf3 Nf6 3.Bg5 Nbd7 4.Nbd2 h6 5.Bf4 g5 6.Bg3 Nh5 7.e3 Bg7 8.c3 e6
9.Be2 Qe7 10.Nf1 b6 11.N3d2 Nxg3 12.hxg3 Bb7 13.Bf3 d5 14.g4 O-O 15.Ng3 
Nf6 16.Be2 Rfc8 17.Bd3 c5 18.Qe2 a6 19.Nh5 Nxh5 20.Rxh5 b5 21.Bc2 cxd4 22.
exd4 b4 23.Qd3 bxc3 24.bxc3 Qc7 25.Rh3 a5 26.Nb3 Ba6 27.Qh7+ Kf8 28.Nc5 
Qd6 29.Rc1 Bc4 30.Bd3 1/2-1/2

[Event "zonal 1.4 (w)"]
[Site "Ostrava CZE"]
[Date "1999.05.27"]
[Round "7"]
[White "Saljova, Silvie"]
[Black "Jicman, Ligia-Letitia"]
[Result "1/2-1/2"]
[WhiteElo "2212"]
[BlackElo "2236"]
[EventDate "1999.05.22"]
[PlyCount "99"]

1.d4 Nf6 2.Nf3 e6 3.c4 c5 4.d5 exd5 5.cxd5 d6 6.Nc3 g6 7.Bg5 Bg7 8.Nd2 h6 
9.Bh4 g5 10.Bg3 Nh5 11.Qa4+ Bd7 12.Qe4+ Kf8 13.Bxd6+ Kg8 14.Bxc5 Na6 15.
Ba3 Rc8 16.Nb3 b5 17.Qe7 Qc7 18.Rc1 Bf8 19.d6 Bxe7 20.dxc7 b4 21.Nd5 Bd6 
22.g4 Bxg4 23.Rc6 bxa3 24.Rxd6 axb2 25.Nd2 Nxc7 26.Ne7+ Kg7 27.Nxc8 Rxc8 
28.Rc6 Bf5 29.Bg2 Nf4 30.Bf3 b1=Q+ 31.Nxb1 Bxb1 32.O-O Bxa2 33.Rfc1 Nfe6 
34.Ra1 Nd4 35.Rxa2 Nxc6 36.Bxc6 Ne6 37.Bd7 Rc1+ 38.Kg2 Nf4+ 39.Kf3 Rc7 40.
Bb5 Rc5 41.Ba6 Nd5 42.e3 f5 43.Ra3 Kf6 44.Bd3 Ke5 45.Rxa7 f4 46.Ra3 h5 47.
h3 g4+ 48.hxg4 hxg4+ 49.Kxg4 fxe3 50.fxe3 1/2-1/2

[Event "zonal 1.4 (w)"]
[Site "Ostrava CZE"]
[Date "1999.05.27"]
[Round "7"]
[White "Pokorna, Regina"]
[Black "Genova, Ruzhka"]
[Result "1-0"]
[WhiteElo "2196"]
[BlackElo "2238"]
[EventDate "1999.05.22"]
[PlyCount "157"]

1.e4 c5 2.Nf3 d6 3.d4 cxd4 4.Nxd4 Nf6 5.Nc3 a6 6.Bc4 e6 7.Bb3 Be7 8.O-O 
O-O 9.f4 Nc6 10.Be3 Qc7 11.f5 Nxd4 12.Qxd4 Kh8 13.h3 b5 14.a3 Bd7 15.Rad1 
a5 16.Qd3 Qb7 17.fxe6 Bxe6 18.Bd5 Bxd5 19.Nxd5 Rfe8 20.Nxe7 Qxe7 21.Bd4 
Qxe4 22.Bxf6 Qxd3 23.Rxd3 gxf6 24.Rxf6 Re2 25.Rxf7 Rxc2 26.Rxd6 Rg8 27.Rf2
Rgc8 28.Rd8+ Rxd8 29.Rxc2 Rd3 30.Rc3 Rd1+ 31.Kh2 Rd2 32.Rb3 Rd5 33.Kg3 Kg7
34.Rf3 Kg6 35.Kf4 a4 36.Ke3 h5 37.g3 Rd1 38.Rf4 Rh1 39.h4 Rg1 40.Kf2 Rc1 
41.Rb4 Rc5 42.g4 hxg4 43.Rxg4+ Kh6 44.Ke3 Rc2 45.Rb4 Rc5 46.Kd3 Rf5 47.Rg4
Rf2 48.Rb4 Rf5 49.Rg4 Rf2 50.Kc3 Rf3+ 51.Kc2 Rf2+ 52.Kb1 Rf1+ 53.Ka2 Rf5 
54.Rd4 Kh5 55.Kb1 Kh6 56.Kc2 Rf3 57.Rd6+ Kh7 58.Rb6 Rf2+ 59.Kc3 Rf3+ 60.
Kb4 Rb3+ 61.Ka5 Rxb2 62.Rxb5 Rf2 63.Kxa4 Rf4+ 64.Rb4 Rf5 65.Rg4 Rf8 66.Kb5
Rb8+ 67.Kc6 Rf8 68.a4 Rf6+ 69.Kb5 Rf5+ 70.Kb4 Rf1 71.a5 Ra1 72.Kb5 Rf1 73.
Rc4 Rb1+ 74.Rb4 Rf1 75.a6 Rf5+ 76.Kb6 Rf6+ 77.Ka5 Rf8 78.a7 Rf1 79.a8=Q 
1-0

[Event "zonal 1.4 (w)"]
[Site "Ostrava CZE"]
[Date "1999.05.27"]
[Round "7"]
[White "Sikorova, Olga"]
[Black "Dojkova, Galina"]
[Result "1-0"]
[WhiteElo "2216"]
[BlackElo "2131"]
[EventDate "1999.05.22"]
[PlyCount "59"]

1.e4 e6 2.d4 d5 3.e5 c5 4.c3 Nc6 5.Nf3 Nge7 6.a3 cxd4 7.cxd4 Nf5 8.b4 Qb6 
9.Be3 Be7 10.Bd3 O-O 11.Bxf5 exf5 12.Nc3 Be6 13.O-O h6 14.g3 Qd8 15.Qd2 
Kh7 16.h4 Rg8 17.Kg2 Rc8 18.Ne2 Nb8 19.Rh1 Qc7 20.Ng5+ Kh8 21.Nxe6 fxe6 
22.Bxh6 Rge8 23.Rac1 Qd7 24.Bg5 Kg8 25.h5 Rxc1 26.Rxc1 Kf7 27.h6 g6 28.h7 
Kg7 29.Bxe7 Rxe7 30.Qh6+ 1-0

[Event "zonal 1.4 (w)"]
[Site "Ostrava CZE"]
[Date "1999.05.27"]
[Round "7"]
[White "Ciganikova, Andrea"]
[Black "Goczo, Melinda"]
[Result "0-1"]
[WhiteElo "2139"]
[BlackElo "2191"]
[EventDate "1999.05.22"]
[PlyCount "78"]

1.e4 e6 2.d4 d5 3.Nd2 Nf6 4.e5 Nfd7 5.Bd3 c5 6.c3 Nc6 7.Ne2 cxd4 8.cxd4 f6
9.exf6 Nxf6 10.Nf3 Bd6 11.O-O Qc7 12.Nc3 a6 13.Bg5 O-O 14.Bh4 Bd7 15.Rc1 
Rae8 16.Bg3 Bxg3 17.hxg3 Qd6 18.Bb1 e5 19.dxe5 Nxe5 20.Ng5 Bg4 21.Qd4 Nc6 
22.Qd2 Qd7 23.f3 Bf5 24.Bxf5 Qxf5 25.g4 Qd7 26.Rcd1 h6 27.Nh3 d4 28.Qc2 
Qf7 29.Ne4 Qxa2 30.Nxf6+ Rxf6 31.g5 Rd6 32.gxh6 Rxh6 33.Rfe1 Rxe1+ 34.Rxe1
Re6 35.Re4 Qd5 36.Rh4 d3 37.Qd2 Re2 38.Qd1 d2 39.Re4 Qxe4 0-1

[Event "zonal 1.4 (w)"]
[Site "Ostrava CZE"]
[Date "1999.05.29"]
[Round "8"]
[White "Brustman, Agnieszka"]
[Black "Voiska, Margarita"]
[Result "0-1"]
[WhiteElo "2379"]
[BlackElo "2364"]
[EventDate "1999.05.22"]
[PlyCount "80"]

1.e4 e5 2.Nf3 Nc6 3.Bb5 Nf6 4.O-O Nxe4 5.d4 Nd6 6.Bxc6 dxc6 7.dxe5 Nf5 8.
Qxd8+ Kxd8 9.Nc3 Ke8 10.h3 a5 11.g4 Ne7 12.Kg2 h5 13.Kg3 Ng6 14.Ne4 Be6 
15.Re1 Bb4 16.Bd2 Bxd2 17.Nexd2 a4 18.Ne4 Ke7 19.Neg5 h4+ 20.Kh2 Ra5 21.
Rad1 Rd8 22.Rxd8 Kxd8 23.Nxe6+ fxe6 24.Re4 c5 25.Nd2 Ne7 26.f4 a3 27.b3 
Nd5 28.Nb1 Nb4 29.Nc3 Nxc2 30.f5 Ke7 31.fxe6 Kxe6 32.g5 Nd4 33.Rf4 b5 34.
Kg2 b4 35.Na4 Kxe5 36.Rf7 Ne6 37.Rf2 c4 38.Re2+ Kf5 39.Rf2+ Kxg5 40.Re2 
Nf4+ 0-1